Fundamentals ofOrganic Chemistry for the JEE/ISEET/ (Record no. 77165)

MARC details
000 -LEADER
fixed length control field 00697nam a22002057a 4500
005 - DATE AND TIME OF LATEST TRANSACTION
control field 20130704113917.0
010 ## - LCCN (DPL NO)
LC control number B-5089342-943
020 ## - INTERNATIONAL STANDARD BOOK NUMBER
Terms of availability 475.00 (V.I)
International Standard Book Number 9788131768860
035 ## - SYSTEM CONTROL NUMBER
System control number B-508942-943
037 ## - SOURCE OF ACQUISITION
Source of stock number/acquisition KBD/Ven
082 ## - DEWEY DECIMAL CLASSIFICATION NUMBER
Classification number 547
100 ## - MAIN ENTRY--PERSONAL NAME
Personal name Ganguly Ananya
245 ## - TITLE STATEMENT
Title Fundamentals ofOrganic Chemistry for the JEE/ISEET/
Statement of responsibility, etc by Ananya Ganguly
260 ## - PUBLICATION, DISTRIBUTION, ETC. (IMPRINT)
Place of publication, distribution, etc New Delhi
Name of publisher, distributor, etc Pearson
Date of publication, distribution, etc 2012
270 ## - ADDRESS
Address 11 Community Centre, Panchsheel Park
City New Delhi
Postal code 110017
300 ## - PHYSICAL DESCRIPTION
Extent Various Pages.
Dimensions 25cm(pbk)
700 ## - ADDED ENTRY--PERSONAL NAME
Dates associated with a name K.J.Rajendra Prasad
942 ## - ADDED ENTRY ELEMENTS (KOHA)
Source of classification or shelving scheme Dewey Decimal Classification
Item type English Books
Classification part 547
Call number suffix GAN

No items available.


© Delhi Public Library
Hit Counter
free hit counter